Normal view
MARC view
Entry Personal Name
001 - CONTROL NUMBER
- control field: 21040
003 - CONTROL NUMBER IDENTIFIER
- control field: AR-FvUNAJ
005 - DATE AND TIME OF LATEST TRANSACTION
- control field: 20241217112035.0
008 - FIXED-LENGTH DATA ELEMENTS
- fixed length control field: 241217|| aca||aabn | a|a d
040 ## - CATALOGING SOURCE
- Original cataloging agency: AR-FvUNAJ
100 1# - HEADING--PERSONAL NAME
- Personal name: Spratt, John S.